Word Ladder: Eating with Tines Quiz Stats

 Plays Quiz Updated Jan 30, 2013

Support Sporcle.
Go Orange.
Score 0/19 Timer 02:00
0 Plays Today
Clue 4-Letter Word % Correct
Utensil for eating [Last Rung]FORK
99%
DifficultHARD
93.9%
Military strongholdFORT
93.9%
Farm home for animalsBARN
93.1%
3 feetYARD
92.2%
A group of cattleHERD
92.1%
A strand often woven into a ballYARN
91.1%
CharBURN
89.3%
Move a dialTURN
88.9%
Positive or certainSURE
88.2%
Clue 4-Letter Word % Correct
Dinner or brunch, e.g.MEAL
87%
The end of a hammerHEAD
86.1%
Flip through channelsSURF
85.6%
Get betterHEAL
85%
The field in a stadiumTURF
84.8%
Kingly addressSIRE
81.7%
Ripped TORE
80%
Wrongful act, legallyTORT
79.3%
Lose steam in the eveningTIRE
78.6%

Today's Daily Dose

Word Ladder
ING Words

Get the Picture
Nearest Volcano

From the Vault

Allegorical Authors

by Flick

We're beginning to think there might be a double-meaning here.
Remove Ads.
Support Sporcle.
Get the best of Sporcle when you Go Orange. This ad-free experience offers more features, more stats, and more fun while also helping to support Sporcle. Thank you for becoming a member.

Show Comments

Extras

Top Quizzes Today


Score Distribution

Your Account Isn't Verified!

In order to create a playlist on Sporcle, you need to verify the email address you used during registration. Go to your Sporcle Settings to finish the process.

Report this User

Report this user for behavior that violates our Community Guidelines.

Details: